Rubén Darío y la Edad Media (Record no. 93714)

MARC details
000 -LEADER
campo de control de longitud fija 00677nam a2200193 i 4500
001 - NÚMERO DE CONTROL
campo de control 93714
003 - IDENTIFICADOR DE NÚMERO DE CONTROL
campo de control ES-MaACL
005 - FECHA Y HORA DE LA ÚLTIMA TRANSACCIÓN
campo de control 20240420063035.0
007 - CAMPO FIJO DE DESCRIPCIÓN FÍSICA--INFORMACIÓN GENERAL
campo de control de longitud fija t|
008 - DATOS DE LONGITUD FIJA--INFORMACIÓN GENERAL
campo de control de longitud fija 050418s1971 sp ||||1| spa d
100 0# - ENTRADA PRINCIPAL--NOMBRE DE PERSONA
Nombre de persona López Estrada, Francisco,
Fechas asociadas al nombre 1918-2010
9 (RLIN) 73627
245 10 - MENCIÓN DEL TÍTULO
Título Rubén Darío y la Edad Media
Resto del título : una perspectiva poco conocida sobre la vida y obra del escritor /
Mención de responsabilidad, etc. Francisco López Estrada.
250 ## - MENCION DE EDICION
Mención de edición [1ª ed.].
260 ## - PUBLICACIÓN, DISTRIBUCIÓN, ETC.
Lugar de publicación, distribución, etc. Barcelona :
Nombre del editor, distribuidor, etc. Planeta,
Fecha de publicación, distribución, etc. 1971.
300 ## - DESCRIPCIÓN FÍSICA
Extensión 164 p., 12 lám. ;
Dimensiones 22 cm.
600 14 - PUNTO DE ACCESO ADICIONAL DE MATERIA--NOMBRE DE PERSONA
Nombre de persona Darío, Rubén,
Fechas asociadas al nombre 1867-1916-
Subdivisión general Crítica e interpretación
9 (RLIN) 42722
852 ## - LOCALIZACIÓN
Ubicación ES-MaACL
Número de control de estantería C-38335
Sublocalización o colección R.76957
Holdings
Estatus retirado Estado de pérdida Estado de daño No para préstamo Biblioteca de origen Biblioteca actual Ubicación en estantería Fecha de adquisición Fuente de adquisición Total de préstamos Signatura topográfica completa Código de barras Visto por última vez Precio de reemplazo Tipo de ítem Koha
        Biblioteca del Ateneo de Madrid Biblioteca del Ateneo de Madrid Depósito 2 17/01/2008     C-38335 1097865 23/02/2023 23/02/2023 Libro impreso